• 首页
  • 本馆介绍
  • 公告通知
  • 最新文献
  • 馆藏检索
  • 电子资源
  • 读者导购
  • 参考咨询
  • 我的图书馆
  • 登录
  • 详细信息显示
  • 放入我的书架
  • 预约/预借图书
  • 作者相关作品
  • 分类相关作品
  • 丛书相关作品
  • 出版社相关作品

书目信息

  • 表格格式
  • 工作单格式
  • 卡片格式
题名:
价值主体性
    
 
作者: 李楠明 著
分册:  
出版信息: 北京   社会科学文献出版社  2005
页数: 24,314页
开本: 21cm
丛书名: 中国高校人文社会科学精品大系
单 册:
中图分类: B017
科图分类:
主题词: 价值--主体--研究
电子资源:
ISBN: 7-80190-438-9
000 01280nam0 2200337 450
000 01243nam0 2200325 450
000 01212nam0 2200325 450
000 01158nam0 2200301 450
000 01187nam0 2200289 450
000 01150nam0 2200277 45
001 TS2006023765
005 20061226154310.20
010    @a7-80190-438-9@dCNY26.00
100    @a20060829d2005 em y0chiy0110 ea
101 0  @achi
102    @aCN@b110000
105    @ay z 000yy
200 1  @a价值主体性@AJia Zhi Zhu Ti Xing@e主体性研究的新视域@EZhu Ti Xing Yan Jiu De Xin Shi Yu@f李楠明著@FLi Nan Ming Zhu
210    @a北京@c社会科学文献出版社@d2005
215    @a24,314页@d21cm
225 2  @a中国高校人文社会科学精品大系@i黑龙江大学人文论丛
330    @a本书内容包括主体性理论发展的历史考察、现代西方人本主义和其他流派对生命主体性的研究、后现代主义对中心主体性的解构、马克思的主体理论等。
410  0 @12001 @a黑龙江大学人文论丛
510 1  @aValue Subjectivity@eNew Perspectives of Subjectivity Studies@zeng
606 0  @a价值@x主体@x研究
690    @aB017@v4
701  0 @a李楠明@ALi Nan Ming@f(1954~)@4著
801  0 @aCN@b中图数据@c20061226
905    @a10447@dB017@e210
    
    价值主体性:主体性研究的新视域/李楠明著.-北京:社会科学文献出版社,2005
    24,314页;21cm.-(中国高校人文社会科学精品大系.黑龙江大学人文论丛)
    
    
    ISBN 7-80190-438-9:CNY26.00
    本书内容包括主体性理论发展的历史考察、现代西方人本主义和其他流派对生命主体性的研究、后现代主义对中心主体性的解构、马克思的主体理论等。
●
相关链接 在E读中查询图书 在五车中查询图书 在当当中查询图书 在豆瓣中查询图书


正题名:价值主体性     索取号:B017/210         预约/预借

序号 登录号 条形码 馆藏地/架位号 状态 备注
1 0608948   206089481   第一样本阅览室/ [索取号:B017/210] 在馆    
2 0608949   206089490   教育系资料室/ [索取号:B017/210] 在馆    
3 0608950   206089506   教育系资料室/ [索取号:B017/210] 在馆    
4 0608951   206089515   第一借阅区/ [索取号:B017/210] 在馆    
5 0608952   206089524   第一借阅区/ [索取号:B017/210] 在馆    
6 0608953   206089533   第一借阅区/ [索取号:B017/210] 在馆    
唐山师范学院图书馆 欢迎您!
大连网信软件有限公司© 版权所有